Discurso preliminar de la enciclopedia
Saved in:
| Main Author: | |
|---|---|
| Format: | Book |
| Language: | Spanish |
| Published: |
Buenos Aires
Aguilar
1957
|
| Edition: | 2a. ed |
| Series: | Biblioteca de Iniciación Filosófica, 1
|
| Subjects: | |
| Tags: |
Add Tag
No Tags, Be the first to tag this record!
|
MARC
| LEADER | 00000nam a2200000 a 4500 | ||
|---|---|---|---|
| 001 | UCT5973 | ||
| 003 | CL-VaPUC | ||
| 008 | 961223e19570000AG |||||||||||||||||spa|d | ||
| 082 | 0 | 4 | |a 190 |b ALE |2 21 |
| 100 | 0 | |a Alembert, Jean-Baptiste |e author |9 375634 | |
| 245 | 1 | 0 | |a Discurso preliminar de la enciclopedia |
| 250 | |a 2a. ed | ||
| 300 | |a 192 p | ||
| 942 | |c BK | ||
| 945 | |d 19961223 00:00:00 |a paguirre | ||
| 260 | |a Buenos Aires |b Aguilar |c 1957 | ||
| 650 | 0 | |a Filosofía de las ciencias |9 256466 | |
| 650 | 0 | |a Filosofía contemporánea |9 265372 | |
| 650 | 0 | |a Enciclopedias |9 264135 | |
| 583 | |a last modification |c 20170530 05:08:29 |k Rodrigo Vera | ||
| 490 | 0 | |a Biblioteca de Iniciación Filosófica, 1 | |
| 999 | |c 254739 |d 254737 | ||
| 952 | |0 0 |1 0 |4 0 |6 190_000000000000000_ALE_1957 |7 0 |8 DER_TF |9 276608 |a BIBDER |b BIBDER |d 2019-11-19 |i 1799592 |l 1 |o 190 ALE 1957 |p 1799592 |r 2023-01-25 |s 2020-03-16 |w 2019-11-19 |x Ubicación 4to Piso |y BK |z Estos recursos deben solicitarse con anticipación |k DER | ||